Si no aportas no importas: (Registro nro. 9676)
[ vista simple ]
| 000 -LEADER | |
|---|---|
| fixed length control field | 01033nam a2200205Ia 4500 |
| 005 - FECHA Y HORA DE LA ÚLTIMA TRANSACCIÓN | |
| control field | 20231009112152.0 |
| 008 - FIXED-LENGTH DATA ELEMENTS--GENERAL INFORMATION | |
| fixed length control field | 231006s9999 xx 000 0 und d |
| 020 ## - INTERNATIONAL STANDARD BOOK NUMBER | |
| International Standard Book Number | 978-84-15560-71-5 |
| 040 ## - CATALOGING SOURCE | |
| Original cataloging agency | UPAN |
| Transcribing agency | Biblioteca San Vicente |
| Description conventions | RCAA96 |
| 041 ## - LANGUAGE CODE | |
| Language code of text/sound track or separate title | spa |
| 082 ## - DEWEY DECIMAL CLASSIFICATION NUMBER | |
| Classification number | 659.4 |
| Item number | R311s |
| año de publicación | 2020 |
| 100 ## - MAIN ENTRY--PERSONAL NAME | |
| Personal name | Recolons, Guillem |
| Relator code | aut. |
| 245 #0 - TITLE STATEMENT | |
| Title | Si no aportas no importas: |
| Remainder of title | Claves para identificar y proyectar tu diferencia y valor/ |
| Statement of responsibility, etc | Guillem Recolons |
| 260 ## - PUBLICATION, DISTRIBUTION, ETC. (IMPRINT) | |
| Place of publication, distribution, etc | España: |
| Name of publisher, distributor, etc | Rasche, |
| Date of publication, distribution, etc | 2020 |
| 300 ## - PHYSICAL DESCRIPTION | |
| Extent | 318 p.; |
| Dimensions | 28 cm. |
| 505 ## - FORMATTED CONTENTS NOTE | |
| Formatted contents note | Capitulo 1: Relato breve: sin tocar el violín<br/>Capitulo 2: El marco se ha vuelto loco<br/>Capitulo 3: Autodiagnóstico de marca personal<br/>Capitulo 4: La magia de la estrategia personal<br/>Capitulo 5: Comunicación personal I<br/>Capitulo 6: Comunicación personal II<br/>Capitulo 7: Utilizar el personal Branging para conseguir objetivos<br/>Anexo I: Diccionario de la marca personal y el personal Branding |
| 650 ## - SUBJECT ADDED ENTRY--TOPICAL TERM | |
| Source of heading or term | LEMB |
| General subdivision | Relaciones públicas |
| 650 ## - SUBJECT ADDED ENTRY--TOPICAL TERM | |
| Source of heading or term | LEMB |
| General subdivision | Mercadotecnia |
| 942 ## - ADDED ENTRY ELEMENTS (KOHA) | |
| Koha item type | Libros |
| Source of classification or shelving scheme | Dewey Decimal Classification |
| Withdrawn status | Lost status | Source of classification or shelving scheme | Damaged status | Not for loan | Collection code | Home library | Current library | Date acquired | Total Checkouts | Full call number | Barcode | Date last seen | Copy number | Price effective from | Koha item type |
|---|---|---|---|---|---|---|---|---|---|---|---|---|---|---|---|
| Dewey Decimal Classification | Colección General | Biblioteca UPAN San Vicente | Biblioteca UPAN San Vicente | 06/10/2023 | 659.4 R311s | 12004436 | 06/10/2023 | 01 | 06/10/2023 | Libros | |||||
| Dewey Decimal Classification | Colección General | Biblioteca UPAN San Vicente | Biblioteca UPAN San Vicente | 09/10/2023 | 659.4 R311s | 12004435 | 09/10/2023 | 02 | 09/10/2023 | Libros | |||||
| Dewey Decimal Classification | Colección General | Biblioteca UPAN San Vicente | Biblioteca UPAN San Vicente | 09/10/2023 | 659.4 R311s | 12004434 | 09/10/2023 | 03 | 09/10/2023 | Libros |